<?xml version="1.0" encoding="UTF-8"?>
<record
    xmlns:xsi="http://www.w3.org/2001/XMLSchema-instance"
    xsi:schemaLocation="http://www.loc.gov/MARC21/slim http://www.loc.gov/standards/marcxml/schema/MARC21slim.xsd"
    xmlns="http://www.loc.gov/MARC21/slim">

  <leader>00843nam a22002177a 4500</leader>
  <controlfield tag="005">20250218100137.0</controlfield>
  <datafield tag="010" ind1=" " ind2=" ">
    <subfield code="a">BACEN25</subfield>
  </datafield>
  <datafield tag="020" ind1=" " ind2=" ">
    <subfield code="a">9789348059116</subfield>
    <subfield code="c">860.00</subfield>
  </datafield>
  <datafield tag="082" ind1=" " ind2=" ">
    <subfield code="b">305.4</subfield>
  </datafield>
  <datafield tag="245" ind1=" " ind2=" ">
    <subfield code="a">Women's Rights and Empowerment :</subfield>
    <subfield code="b">Legal Challenges and Social Realities /</subfield>
    <subfield code="c">Edited By Vijender Kumar and et.all...</subfield>
  </datafield>
  <datafield tag="260" ind1=" " ind2=" ">
    <subfield code="a">New Delhi</subfield>
    <subfield code="b">Bharti Publications </subfield>
    <subfield code="c">2024</subfield>
  </datafield>
  <datafield tag="270" ind1=" " ind2=" ">
    <subfield code="b">New Delhi</subfield>
    <subfield code="a">4819/24 2nd Floor, Mathur Lane Ansari Road, Darya Ganj,</subfield>
    <subfield code="e">110002</subfield>
    <subfield code="k">011-46172797, 23247537, 9899897381</subfield>
    <subfield code="m">bhartipublications@gmail,com</subfield>
  </datafield>
  <datafield tag="300" ind1=" " ind2=" ">
    <subfield code="a">174p</subfield>
    <subfield code="c">22cm;(hbk)</subfield>
  </datafield>
  <datafield tag="700" ind1=" " ind2=" ">
    <subfield code="a">Vijender Kumar</subfield>
    <subfield code="9">77674</subfield>
  </datafield>
  <datafield tag="700" ind1=" " ind2=" ">
    <subfield code="a">Vats, Naresh Kumar </subfield>
    <subfield code="9">77676</subfield>
  </datafield>
  <datafield tag="700" ind1=" " ind2=" ">
    <subfield code="a">Pathak , Shashank </subfield>
    <subfield code="9">77678</subfield>
  </datafield>
  <datafield tag="700" ind1=" " ind2=" ">
    <subfield code="a">Mishra, Kishor Kumar </subfield>
    <subfield code="9">77679</subfield>
  </datafield>
  <datafield tag="700" ind1=" " ind2=" ">
    <subfield code="a"> Mishra, Aditya</subfield>
    <subfield code="9">77681</subfield>
  </datafield>
  <datafield tag="700" ind1=" " ind2=" ">
    <subfield code="a">Vats, Anit </subfield>
    <subfield code="9">77683</subfield>
  </datafield>
  <datafield tag="942" ind1=" " ind2=" ">
    <subfield code="2">ddc</subfield>
    <subfield code="c">EN</subfield>
    <subfield code="h">305.4</subfield>
    <subfield code="m">WOM</subfield>
  </datafield>
  <datafield tag="999" ind1=" " ind2=" ">
    <subfield code="c">209139</subfield>
    <subfield code="d">209139</subfield>
  </datafield>
</record>
